000 01179nam0a22003011 4500
001 rc\4557390
005 20260407103335.0
021 _aRU
_bРг9426-60
035 _a(NLR Aleph) 008367520
090 _a9037201
_c9037201
100 _a20130416d1960 |||y0rusy50 ca
101 0 _arus
102 _aRU
105 _aa z |||||
200 1 _aКварцевые генераторы
_eОбзор
_fГос. ком. Совета Министров СССР по радиоэлектронике. Центр. бюро науч.-техн. информации
210 _aМосква
_cБ. и.
_d1960
215 _a32 с.
_cсхем.
_d22
225 1 _aОбзоры
300 _aСост. указан в вып. дан.
300 _aОтпеч. множит. аппаратом
320 _aБиблиогр.: с. 30-32
700 1 _aЛивенский
_bГ.А.
_4220
712 0 2 _aЦентральное бюро научно-технической информации по радиоэлектронике
_cМосква
_3RU\NLR\AUTH\889932063
_9359478
801 0 _aRU
_bNLR
_gpsbo
801 1 _aRU
_bELAR
_2rusmarc
852 _aNLR
_j60-6/8831
942 _cBOOK
980 _aNB